00560nam a22001697a 4500003000500000005001700005008004100022020001800063050002300081100001900104245010100123250001700224260003100241300004700272500004300319650002800362SISC20160530095054.0160530b xxu||||| |||| 00| 0 eng d a9780273756811 aT 58.5b.V135 2012 aValacich, Joe. aInformation systems today :bmanaging in the digital world /cJoe Valacich, Christoph Schneider. a5th edition. aEngland :bPearson,c2012. a575 pages :bcolor illustrations ;c26 cm. aIncludes glossary, appendix and index. aInformation technology.